[Event "SLO-chT3 West"]
[Site "Komenda"]
[Date "2022.12.11"]
[Round "4.4"]
[White "Celebic, Sead"]
[Black "Beletic, Daniel"]
[Result "0-1"]
[WhiteElo "1793"]
[BlackElo "2294"]
[PlyCount "50"]
[EventDate "2022.12.09"]
[EventType "team-swiss"]
[EventRounds "5"]
[EventCountry "SLO"]
[SourceTitle "EXT 2024"]
[Source "ChessBase"]
[SourceDate "2023.10.10"]
[SourceVersion "1"]
[SourceVersionDate "2023.10.10"]
[SourceQuality "1"]
[WhiteTeam "Jesenice Acroni II"]
[BlackTeam "Posocje"]
[WhiteTeamCountry "SLO"]
[BlackTeamCountry "SLO"]

1. e4 c5 2. Nf3 d6 3. d4 cxd4 4. Nxd4 Nf6 5. Nc3 g6 6. Be3 Bg7 7. Be2 0-0 8. 0-0 Nc6 9. f3 Qb6 10. Qd2 Nxd4 11. Bxd4 Nxe4 12. Bxb6 Nxd2 13. Rfd1 axb6 14. Rxd2 Be6 15. a3 Rfc8 16. Ne4 Bxb2 17. Rb1 Bxa3 18. Kh1 Bc5 19. Ng5 Be3 20. Nxe6 Bxd2 21. Nd4 Be3 22. Rd1 Bxd4 23. Rxd4 Ra1+ 24. Rd1 Rxd1+ 25. Bxd1 Ra8 0-1